Vine's Expository dictionary of Old and New Testament words / (Record no. 6267)
[ view plain ]
| 000 -LEADER | |
|---|---|
| fixed length control field | 01205cam a2200301Ia 4500 |
| 001 - CONTROL NUMBER | |
| control field | 22285897 |
| 003 - CONTROL NUMBER IDENTIFIER | |
| control field | OCoLC |
| 005 - DATE AND TIME OF LATEST TRANSACTION | |
| control field | 20190116133505.0 |
| 008 - FIXED-LENGTH DATA ELEMENTS--GENERAL INFORMATION | |
| fixed length control field | 900828s1981 iau bd 001 0 eng d |
| 020 ## - INTERNATIONAL STANDARD BOOK NUMBER | |
| International Standard Book Number | 0529063743 |
| 020 ## - INTERNATIONAL STANDARD BOOK NUMBER | |
| International Standard Book Number | 9780529063748 |
| 035 ## - SYSTEM CONTROL NUMBER | |
| System control number | (OCoLC)22285897 |
| 040 ## - CATALOGING SOURCE | |
| Original cataloging agency | SVP |
| Transcribing agency | SVP |
| Modifying agency | SNM |
| -- | OCL |
| -- | OCLCQ |
| -- | BAKER |
| -- | OCLCQ |
| -- | BSC |
| 082 ## - DEWEY DECIMAL CLASSIFICATION NUMBER | |
| Classification number | REF 220.3 |
| Item number | V782E |
| 092 ## - LOCALLY ASSIGNED DEWEY CALL NUMBER (OCLC) | |
| Classification number | 220.3 |
| Item number | V782v, 1981a |
| 100 1# - MAIN ENTRY--PERSONAL NAME | |
| Personal name | Vine, W. E. |
| Fuller form of name | (William Edwy), |
| Dates associated with a name | 1873-1949. |
| 245 10 - TITLE STATEMENT | |
| Title | Vine's Expository dictionary of Old and New Testament words / |
| Statement of responsibility, etc. | W.E. Vine ; Old Testament edited by F.F. Bruce. |
| 250 ## - EDITION STATEMENT | |
| Edition statement | [Reference Library ed.]. |
| 260 ## - PUBLICATION, DISTRIBUTION, ETC. | |
| Place of publication, distribution, etc. | Iowa Falls, Iowa : |
| Name of publisher, distributor, etc. | World Bible Publishers, |
| Date of publication, distribution, etc. | c1981. |
| 300 ## - PHYSICAL DESCRIPTION | |
| Extent | 1 v. (various pagings) ; |
| Dimensions | 23 cm. |
| 504 ## - BIBLIOGRAPHY, ETC. NOTE | |
| Bibliography, etc. note | Includes bibliography and index. |
| 505 0# - FORMATTED CONTENTS NOTE | |
| Formatted contents note | Vine's Expository dictionary of Old Testament words -- Vine's Expository dictionary of New Testament words. |
| 630 00 - SUBJECT ADDED ENTRY--UNIFORM TITLE | |
| Uniform title | Bible |
| Form subdivision | Dictionaries. |
| 700 1# - ADDED ENTRY--PERSONAL NAME | |
| Personal name | Bruce, F. F. |
| Fuller form of name | (Frederick Fyvie), |
| Dates associated with a name | 1910-1990. |
| 700 12 - ADDED ENTRY--PERSONAL NAME | |
| Personal name | Vine, W. E. |
| Fuller form of name | (William Edwy), |
| Dates associated with a name | 1873-1949. |
| Title of a work | Expository dictionary of New Testament words. |
| 740 01 - ADDED ENTRY--UNCONTROLLED RELATED/ANALYTICAL TITLE | |
| Uncontrolled related/analytical title | Expository dictionary of Old and New Testament words. |
| 942 ## - ADDED ENTRY ELEMENTS (KOHA) | |
| Source of classification or shelving scheme | Dewey Decimal Classification |
| Koha item type | Reference |
| Withdrawn status | Lost status | Source of classification or shelving scheme | Damaged status | Not for loan | Collection code | Home library | Current library | Shelving location | Date acquired | Cost, normal purchase price | Total Checkouts | Full call number | Barcode | Date last seen | Price effective from | Koha item type |
|---|---|---|---|---|---|---|---|---|---|---|---|---|---|---|---|---|
| Dewey Decimal Classification | Not For Loan | Reference | Harvest Mission College | Harvest Mission College | Reference | 16.01.2019 | 8500.00 | REF 220.3 V782E | 007217 | 16.01.2019 | 16.01.2019 | Books |
